Online Catalogue and eLibrary

Vynavthim thottamum valarchchiyum : (Record no. 3560)

MARC details
000 -LEADER
fixed length control field 00470nam a2200157Ia 4500
005 - DATE AND TIME OF LATEST TRANSACTION
control field 20250422015556.0
008 - FIXED-LENGTH DATA ELEMENTS--GENERAL INFORMATION
fixed length control field 240331s9999 xx 000 0 und d
020 ## - INTERNATIONAL STANDARD BOOK NUMBER
ISBN 8123400322
082 ## - DDC Classification
Item Number - Author Mark JAI
Class No. 200
100 ## - MAIN ENTRY--PERSONAL NAME
Personal name Jaiswal, S
245 #0 - TITLE STATEMENT
Title Vynavthim thottamum valarchchiyum :
Remainder of title vaishnavisham AD300-AD500-
260 ## - PUBLICATION, DISTRIBUTION, ETC.
Place of publication, distribution, etc. New Delhi
Name of publisher, distributor, etc. Indian Council of Historical Research
Date of publication, distribution, etc. 1991
300 ## - PHYSICAL DESCRIPTION
Extent (e.g. Volumes, Pages etc.) XV, 475 p .,
500 ## - GENERAL NOTE
General note Vainava samaiayathin arambamum valarchium
942 ## - Koha item type (Biblio)
Koha item type Books in Stacks (Lending)
Holdings
Lost status Damaged status Collection code Home library Current library Shelving location Date acquired Full call number Accession Number Item type
    Lending WERC Library WERC Library Social Science Cupboard 03/31/2024 200 JAI 1540 Books in Stacks (Lending)

© WERC Library